El Discurso social de la CEPAL y la gran promesa tecnológica del industrialismo

সংরক্ষণ করুন:
গ্রন্থ-পঞ্জীর বিবরন
প্রধান লেখক: Barrantes, César
বিন্যাস: পাঠ‍্য
প্রকাশিত: Tegucigalpa: UNAH
ট্যাগগুলো: ট্যাগ যুক্ত করুন
কোনো ট্যাগ নেই, প্রথমজন হিসাবে ট্যাগ করুন!

MARC

LEADER 00000 a a2200000 04500
001 21056
003
040
090 |a 090900  
100 |a Barrantes, César  
245 |a El Discurso social de la CEPAL y la gran promesa tecnológica del industrialismo  
260 |a Tegucigalpa:   |b UNAH  
300 |a 38 p.  
999 |c 13466  |d 13466